| 000 | 00645nam a2200205 a 4500 | ||
|---|---|---|---|
| 005 | 20230317063628.0 | ||
| 008 | 991125s1990 mx 000 0 spa u | ||
| 020 | _a9684961634 | ||
| 035 | _aUPN01000051261 | ||
| 049 | _aSEP | ||
| 050 | 4 |
_aPM4062 _bM6.7 |
|
| 100 | 1 | _aMonzón, Cristina | |
| 245 | 1 | 0 |
_aRegistro de la variación fonológica en el náhuatl moderno : _bun estudio de caso / _cCristina Monzón. |
| 260 |
_aMéxico : _bCIESAS : _bSEP, _c1990. |
||
| 300 |
_a225 p. : _btablas, mapas |
||
| 440 | 0 |
_aEdiciones de la Casa Chata ; _v34 |
|
| 650 | 4 |
_aNAHUATL - _xFONETICA _924390 |
|
| 650 | 4 |
_aNáhuatl _xGramática _919093 |
|
| 905 | _aLibro | ||
| 999 |
_c51261 _d51261 |
||